De la seducción
Se tematiza el problema de la seducción desde un punto de vista filosófico, partiendo de su histórica adjudicación al mal, a lo mundano, perversión de todas la verdades, empezando por la divinas. Primeramente nos habla de una eclíptica del sexo, donde la estructura másculino-femenino se hunde a un “...
Spremljeno u:
| Glavni autor: | |
|---|---|
| Format: | Knjiga |
| Jezik: | Undetermined |
| Izdano: |
Madrid, España
Ediciones Cátedra
1989
|
| Izdanje: | 6 |
| Teme: | |
| Oznake: |
Dodaj oznaku
Bez oznaka, Budi prvi tko označuje ovaj zapis!
|
MARC
| LEADER | 00000nam a2200000Ia 4500 | ||
|---|---|---|---|
| 008 | 170316s9999 xx 000 0 und d | ||
| 040 | |a cru BVZT | ||
| 090 | |a 100 B-17.2d | ||
| 100 | |a Baudrillard, Jean |9 1136 | ||
| 245 | |a De la seducción |c / Jean Baudrillard | ||
| 250 | |a 6 | ||
| 260 | |a Madrid, España |b Ediciones Cátedra |c 1989 | ||
| 300 | |a 170 páginas | ||
| 520 | |a Se tematiza el problema de la seducción desde un punto de vista filosófico, partiendo de su histórica adjudicación al mal, a lo mundano, perversión de todas la verdades, empezando por la divinas. Primeramente nos habla de una eclíptica del sexo, donde la estructura másculino-femenino se hunde a un “grado cero” donde se eliminan entre sí. Otra unidad temática corresponde a los abismos de la superficialidad, compuesta por contenidos como la apariencia, la muerte en Samarkande, el secreto y el desafío, y el miedo a ser seducido. Asimismo dedica una sección a la cuestión del destino político de la seducción. | ||
| 650 | |a FILOSOFÍA |9 5 | ||
| 650 | |a LA ECLÍPTICA DEL SEXO |9 1140 | ||
| 650 | |a LA SEDUCCIÓN |9 1141 | ||
| 999 | |c 15652 |d 15652 | ||
| 942 | |c 4 D |h 100 B-17.2d |2 z | ||
